The moonstone
Đã lưu trong:
| 主要作者: | |
|---|---|
| 格式: | 圖書 |
| 語言: | Undetermined |
| 出版: |
England
Pearson Education Limited
1994
|
| 主題: | |
| 標簽: |
添加標簽
沒有標簽, 成為第一個標記此記錄!
|
| Thư viện lưu trữ: | Trung tâm Học liệu Trường Đại học Cần Thơ |
|---|
| LEADER | 00532nam a2200205Ia 4500 | ||
|---|---|---|---|
| 001 | CTU_103271 | ||
| 008 | 210402s9999 xx 000 0 und d | ||
| 020 | |c 5.89 | ||
| 082 | |a 823.8 | ||
| 082 | |b C712 | ||
| 100 | |a Collins, Wilkie | ||
| 245 | 4 | |a The moonstone | |
| 245 | 0 | |c Wilkie Collins | |
| 260 | |a England | ||
| 260 | |b Pearson Education Limited | ||
| 260 | |c 1994 | ||
| 650 | |a English fiction,English literature | ||
| 650 | |y 19th century | ||
| 904 | |i M.Loan | ||
| 980 | |a Trung tâm Học liệu Trường Đại học Cần Thơ | ||